A Governaçao da China I (Record no. 2181)

MARC details
000 -Etiqueta do registo
Campo de controlo de comprimento fixo 00372 a2200157 4500
020 ## - ISBN (NÚMERO DE LIVRO PADRÃO INTERNACIONAL)
ISBN 978-7-119-11564-1
040 ## - Fonte de Catalogação
Agência de catalogação Biblioteca de Posgraduação- Universidade Lusíada de Angola
082 ## - DEWEY DECIMAL CLASSIFICATION NUMBER
Número de classificação 32
100 ## - Nome Pessoal
9 (RLIN) 1011
Autor XI,Jinping
245 ## - Declaração de Título
Título A Governaȧo da China I
260 ## - Publicação e Destribuíção
Local de edição/distribuição China
Editor/distribuidor Linguas estrangeiras
Data de edição/distribuição 2014/2018
300 ## - Descrição Física
Nº Pág. 567p
600 #0 - Nome pessoal
Autor XI,Jinping
650 ## - MATERIA
MATERIA Cienciais Sociais
942 ## - - Elementos de entrada adicionados (koha)
Tipo de documento Livros
Holdings
Withdrawn status Lost status Source of classification or shelving scheme Damaged status Not for loan Permanent Location Current Location Date acquired Inventory number Total Checkouts Full call number Barcode Date last seen Price effective from Koha item type
    Dewey Decimal Classification     Biblioteca Geral- Universidade Lusíada de Angola Biblioteca Geral- Universidade Lusíada de Angola 30/03/2026 6(4)   32 2026-0087 30/03/2026 30/03/2026 Livros
    Dewey Decimal Classification     Biblioteca Geral- Universidade Lusíada de Angola Biblioteca Geral- Universidade Lusíada de Angola 30/03/2026 6(4)   32 2026-0088 30/03/2026 30/03/2026 Livros
    Dewey Decimal Classification     Biblioteca Geral- Universidade Lusíada de Angola Biblioteca Geral- Universidade Lusíada de Angola 30/03/2026 6(4)   32 2026-0089 30/03/2026 30/03/2026 Livros
    Dewey Decimal Classification     Biblioteca Geral- Universidade Lusíada de Angola Biblioteca Geral- Universidade Lusíada de Angola 30/03/2026 6(4)   32 2026-0090 30/03/2026 30/03/2026 Livros